LDR 00650naa#a2200193#i#450# 001 EN\\bibl\120515 005 20260416064830.4 011 ## _a1019-8946 100 ## _a20260410b2026####ek#y0engy0150####ca 101 0# _aRUS 102 ## _aRU 200 1# _aRaman Spectroscopy for Quality Control of Canned Milk Powder _eJournal article 210 1# _aKemerovo _cKemerovo State University _d2026 215 ## _a7 с. 608 ## _aJournal article _2local 675 ## _aСельское хозяйство. Лесное хозяйство. Охота. Рыбное хозяйство. 63 _zRUS 700 #1 _aBarkovskaya _gIrina A. 700 #1 _aBrovko _gArtem M. 856 4# _azh-szf.ru _u